[Event "IECG TE.2002.P.01113 email"]
[Site "IECG email"]
[Date "2002.12.30"]
[Round "?"]
[White "Celedon, Ivan"]
[Black "Goudreau, James"]
[Result "1-0"]
[WhiteElo "1995"]
[BlackElo "1647"]
[PlyCount "65"]
[EventDate "2002.12.30"]
[EventType "tourn (corr)"]
[EventRounds "8"]
[SourceTitle "Corr 2008"]
[Source "ChessBase"]
[SourceDate "2008.06.24"]
[SourceVersion "1"]
[SourceVersionDate "2008.06.24"]
[SourceQuality "1"]

1. d4 Nf6 2. c4 c5 3. d5 e6 4. Nc3 exd5 5. cxd5 d6 6. Nf3 g6 7. g3 Bg7 8. Bg2 0-0 9. 0-0 Nbd7 10. Nd2 a6 11. a4 Re8 12. Nc4 Ne5 13. Nxe5 Rxe5 14. e4 Bd7 15. Bf4 Re8 16. Bxd6 Bg4 17. f3 Bxf3 18. Qxf3 Qxd6 19. Rae1 Nd7 20. Qxf7+ Kh8 21. Qf3 Rf8 22. Qe2 Ne5 23. Rxf8+ Rxf8 24. Rf1 Kg8 25. Rxf8+ Kxf8 26. Bh3 Ke7 27. Be6 Nd7 28. Kg2 Nf8 29. Bc8 Qc7 30. Bh3 Nd7 31. Qg4 Nf8 32. Qc8 Kd6 33. e5+ 1-0

[Event "IECG TE.2000.P.00501 email"]
[Site "IECG email"]
[Date "2000.11.08"]
[Round "?"]
[White "Goudreau, James"]
[Black "Subramanian, Ravichandran"]
[Result "0-1"]
[WhiteElo "1647"]
[BlackElo "994"]
[PlyCount "38"]
[EventDate "2000.11.08"]
[EventType "tourn (corr)"]
[EventRounds "12"]
[SourceTitle "Corr 2008"]
[Source "ChessBase"]
[SourceDate "2008.06.24"]
[SourceVersion "1"]
[SourceVersionDate "2008.06.24"]
[SourceQuality "1"]

1. d4 f5 2. g3 Nf6 3. Bg2 e6 4. Nf3 Be7 5. 0-0 0-0 6. c4 d5 7. b3 Nc6 8. Nc3 Ne4 9. Bb2 b6 10. cxd5 exd5 11. Rc1 Bb7 12. Ne5 Nxe5 13. dxe5 c6 14. e3 Ba6 15. Re1 Qd7 16. Nxe4 fxe4 17. Bxe4 Bb4 18. Bc3 Bxc3 19. Rxc3 Qf7 0-1

[Event "IECG TE.2000.P.00501 email"]
[Site "IECG email"]
[Date "2000.11.08"]
[Round "?"]
[White "Hoogendoorn, Albert"]
[Black "Goudreau, James"]
[Result "1-0"]
[WhiteElo "1601"]
[BlackElo "1647"]
[PlyCount "71"]
[EventDate "2000.11.08"]
[EventType "tourn (corr)"]
[EventRounds "12"]
[SourceTitle "Corr 2008"]
[Source "ChessBase"]
[SourceDate "2008.06.24"]
[SourceVersion "1"]
[SourceVersionDate "2008.06.24"]
[SourceQuality "1"]

1. d4 f5 2. g3 Nf6 3. Bg2 e6 4. Nf3 Be7 5. 0-0 0-0 6. c4 d5 7. Nbd2 c6 8. b3 Qe8 9. Bb2 Nbd7 10. e3 Ne4 11. Nxe4 fxe4 12. Nd2 Nf6 13. Qc2 Ng4 14. Rae1 Bd6 15. f4 g5 16. fxg5 Qh5 17. Rxf8+ Kxf8 18. Nf1 Qxg5 19. Qe2 Bd7 20. c5 Bc7 21. Bh3 e5 22. Bxg4 Bxg4 23. Qf2+ Kg8 24. dxe5 Rf8 25. Qd2 Bxe5 26. Bxe5 Qxe5 27. Rc1 Rf3 28. Re1 Qf6 29. b4 Bh3 30. Qe2 Qc3 31. Nd2 Rf7 32. Rb1 d4 33. Nxe4 Qxe3+ 34. Qxe3 dxe3 35. Re1 e2 36. Nd2 1-0

[Event "IECG TE.2000.P.00501 email"]
[Site "IECG email"]
[Date "2000.11.08"]
[Round "?"]
[White "Ibar, Marcelo Rodolfo"]
[Black "Goudreau, James"]
[Result "1-0"]
[WhiteElo "2297"]
[BlackElo "1647"]
[PlyCount "65"]
[EventDate "2000.11.08"]
[EventType "tourn (corr)"]
[EventRounds "12"]
[SourceTitle "Corr 2008"]
[Source "ChessBase"]
[SourceDate "2008.06.24"]
[SourceVersion "1"]
[SourceVersionDate "2008.06.24"]
[SourceQuality "1"]

1. d4 f5 2. g3 Nf6 3. Bg2 e6 4. Nf3 Be7 5. 0-0 0-0 6. c4 d5 7. b3 c6 8. Ba3 Nbd7 9. Bxe7 Qxe7 10. Nbd2 Ne4 11. Qc2 Ndf6 12. Ne5 g5 13. Nxe4 dxe4 14. Rad1 Bd7 15. Qd2 Qg7 16. f3 exf3 17. exf3 Be8 18. f4 gxf4 19. Qxf4 Rd8 20. b4 Bh5 21. Rde1 Rfe8 22. a4 Ng4 23. b5 Nxe5 24. Rxe5 cxb5 25. axb5 Re7 26. d5 Bf7 27. dxe6 Bxe6 28. Rfe1 Rde8 29. Bxb7 Rxb7 30. Rxe6 Rxe6 31. Rxe6 Qa1+ 32. Kg2 Qb2+ 33. Kh3 1-0

[Event "IECG TE.2000.P.00501 email"]
[Site "IECG email"]
[Date "2000.11.08"]
[Round "?"]
[White "Subramanian, Ravichandran"]
[Black "Goudreau, James"]
[Result "1-0"]
[WhiteElo "994"]
[BlackElo "1647"]
[PlyCount "33"]
[EventDate "2000.11.08"]
[EventType "tourn (corr)"]
[EventRounds "12"]
[SourceTitle "Corr 2008"]
[Source "ChessBase"]
[SourceDate "2008.06.24"]
[SourceVersion "1"]
[SourceVersionDate "2008.06.24"]
[SourceQuality "1"]

1. d4 f5 2. g3 Nf6 3. Bg2 e6 4. Nf3 Be7 5. 0-0 0-0 6. c4 d5 7. Nbd2 c6 8. Ne5 Nbd7 9. Nd3 Ne4 10. Qc2 Ndf6 11. c5 Qe8 12. Nb3 Bd7 13. f3 Nxg3 14. hxg3 Qg6 15. Bf4 Nh5 16. Ne5 Qe8 17. Qd2 1-0

[Event "IECG CP.2000.P.00075"]
[Site "IECG email"]
[Date "2000.10.01"]
[Round "?"]
[White "Csoma, Robert"]
[Black "Goudreau, James"]
[Result "1-0"]
[WhiteElo "2250"]
[BlackElo "1647"]
[PlyCount "59"]
[EventDate "2000.10.01"]
[EventType "tourn (corr)"]
[EventRounds "6"]
[EventCountry "SWE"]
[SourceTitle "Corr 2008"]
[Source "ChessBase"]
[SourceDate "2008.06.24"]
[SourceVersion "1"]
[SourceVersionDate "2008.06.24"]
[SourceQuality "1"]

1. d4 d5 2. c4 c6 3. Nc3 Nf6 4. Bg5 dxc4 5. e3 b5 6. Bxf6 exf6 7. a4 Bb4 8. Nf3 0-0 9. Be2 Be6 10. 0-0 Nd7 11. axb5 Bxc3 12. bxc3 cxb5 13. d5 Bf5 14. Nd4 Be4 15. Nxb5 Nb6 16. d6 a6 17. Nc7 Ra7 18. Rxa6 Rxa6 19. Nxa6 Bxg2 20. Kxg2 Qa8+ 21. Bf3 Qxa6 22. Qd4 Nd7 23. Rb1 Rd8 24. Rb4 Ne5 25. Rb6 Qa2 26. Bd5 Nd3 27. e4 Ne5 28. Qe3 h6 29. Kg3 Qa3 30. f4 1-0

[Event "IECG CP.2000.P.00075"]
[Site "IECG email"]
[Date "2000.10.01"]
[Round "?"]
[White "Fernandez Ramos, Antonio"]
[Black "Goudreau, James"]
[Result "1-0"]
[WhiteElo "972"]
[BlackElo "1647"]
[PlyCount "30"]
[EventDate "2000.10.01"]
[EventType "tourn (corr)"]
[EventRounds "6"]
[EventCountry "SWE"]
[SourceTitle "Corr 2008"]
[Source "ChessBase"]
[SourceDate "2008.06.24"]
[SourceVersion "1"]
[SourceVersionDate "2008.06.24"]
[SourceQuality "1"]

1. d4 d5 2. c4 c6 3. Nf3 Bf5 4. cxd5 cxd5 5. Qb3 Qc7 6. Nc3 e6 7. Bf4 Bd6 8. Qa4+ Nc6 9. Nb5 Bb4+ 10. Qxb4 Qxf4 11. Nd6+ Kf8 12. Qxb7 Qxd6 13. Qxa8+ Ke7 14. Rc1 Qb4+ 15. Rc3 Nf6 1-0

[Event "IECG CP.2000.P.00075"]
[Site "IECG email"]
[Date "2000.10.01"]
[Round "?"]
[White "Goudreau, James"]
[Black "Cruz, Eudo"]
[Result "0-1"]
[WhiteElo "1647"]
[BlackElo "1450"]
[PlyCount "49"]
[EventDate "2000.10.01"]
[EventType "tourn (corr)"]
[EventRounds "6"]
[EventCountry "SWE"]
[SourceTitle "Corr 2008"]
[Source "ChessBase"]
[SourceDate "2008.06.24"]
[SourceVersion "1"]
[SourceVersionDate "2008.06.24"]
[SourceQuality "1"]

1. e4 Nc6 2. Nf3 e5 3. Bc4 Be7 4. d4 exd4 5. Nxd4 Ne5 6. Bb3 Nf6 7. f4 Nc6 8. Nc3 Na5 9. e5 Ng8 10. Nf5 Bf8 11. Bxf7+ Kxf7 12. Qd5+ Ke8 13. Qxa5 Ne7 14. Ng3 d6 15. Bd2 d5 16. 0-0-0 b6 17. Qa4+ c6 18. f5 Qc7 19. f6 Nf5 20. Nxd5 Qb7 21. e6 Bxe6 22. Rhe1 Kf7 23. Nxf5 Bxd5 24. fxg7 Bxg7 25. Nd6+ 0-1

[Event "IECG CP.2000.P.00075"]
[Site "IECG email"]
[Date "2000.10.01"]
[Round "?"]
[White "Goudreau, James"]
[Black "Krebs, Hans Joachim"]
[Result "0-1"]
[WhiteElo "1647"]
[BlackElo "1880"]
[PlyCount "82"]
[EventDate "2000.10.01"]
[EventType "tourn (corr)"]
[EventRounds "6"]
[EventCountry "SWE"]
[SourceTitle "Corr 2008"]
[Source "ChessBase"]
[SourceDate "2008.06.24"]
[SourceVersion "1"]
[SourceVersionDate "2008.06.24"]
[SourceQuality "1"]

1. e4 e5 2. Nf3 Nc6 3. Bb5 a6 4. Ba4 d6 5. 0-0 Nf6 6. d4 exd4 7. Nxd4 Bd7 8. Nc3 Nxd4 9. Bxd7+ Qxd7 10. Qxd4 Be7 11. Nd5 c5 12. Qd3 Nxd5 13. Qxd5 0-0 14. Bf4 Rad8 15. Rad1 Rfe8 16. Rd2 Bf6 17. c3 Qe7 18. f3 Be5 19. Be3 h6 20. Rfd1 b5 21. Qc6 Qh4 22. g3 Bxg3 23. Bxh6 Be5 24. Be3 d5 25. Rg2 dxe4 26. Rf1 Re6 27. Qxe4 Bxh2+ 28. Rxh2 Qg3+ 29. Rg2 Rxe4 30. Rxg3 Rxe3 31. Rg2 Rdd3 32. f4 Kf8 33. Rff2 c4 34. Rh2 Rg3+ 35. Rhg2 Rxg2+ 36. Kxg2 Ke7 37. Kf1 Kf6 38. Ke2 Rg3 39. Kd2 Kf5 40. b3 cxb3 41. axb3 b4 0-1